| 000 | 00441nam a2200157 4500 | ||
|---|---|---|---|
| 001 | 7918 | ||
| 005 | 20181127184647.0 | ||
| 020 | 0 | 0 | _a9789993699507 |
| 090 | 0 | 0 | _a895.1 |
| 100 | 0 | 0 | _aTshering, Chablop Passang. |
| 245 | 0 | 0 |
_aPassu Diary : _bjournal of an ordinary Bhutanese / _cChablop Passang Tshering. _h |
| 260 | 0 | 0 |
_aThimphu Bhutan ; _b _c2018. |
| 300 | 0 | 0 | _a307p ; 21 cm. |
| 650 | 0 | 0 |
_aBhutan --Fiction. _x |
| 650 | 0 | 0 |
_aShort stories, Bhutanese. _x |
| 999 |
_c6805 _d6805 |
||